|
|
|
|
| LEADER |
00000nam a2200000 a 4500 |
| 001 |
vtls001088007 |
| 003 |
SK-MaSNL |
| 005 |
20260302062538.0 |
| 008 |
250414s1985 xo 0 slo |
| 015 |
|
|
|a SNBA1986/06
|
| 035 |
|
|
|a SNK000030847
|
| 040 |
|
|
|a SNK
|b slo
|c SNK
|e AACR2
|
| 041 |
0 |
|
|a slo
|
| 044 |
|
|
|a xo
|c SK
|
| 080 |
|
|
|a 528(075.8)
|2 1981
|
| 100 |
1 |
|
|a Šolc, Juraj,
|d 1928-1990
|4 aut
|9 7193
|
| 245 |
1 |
0 |
|a Geodézia pre vodohospodársky smer
|c Juraj Šolc
|
| 250 |
|
|
|a 2. vyd.
|
| 260 |
|
|
|a Bratislava
|b Slovenská vysoká škola technická
|c 1985
|e Bratislava
|f Edičné stredisko SVŠT
|
| 300 |
|
|
|a 221 s., 16,988 AH
|b Tb. Sch.
|c 29 cm
|
| 366 |
|
|
|e 250 výtl.
|
| 500 |
|
|
|a Lit. 27. Schválilo MŠ SSR ako skriptá. Rozmn. 27 zázn. v slov., češ., ruš. a nem.
|
| 852 |
|
|
|a Slovenská národná knižnica
|
| 954 |
|
|
|a geodézia
|
| 958 |
|
|
|a NB
|
| 958 |
|
|
|a RM
|
| 958 |
|
|
|a UV
|
| 958 |
|
|
|a OND
|
| 999 |
|
|
|c 1129648
|d 1131578
|
| 952 |
|
|
|t P60, <04>, [BOOK], {605}
|a SNK
|b SNK
|y VYP
|7 0
|p 17A0205114
|o snkSB 40246 D1
|0 0
|1 0
|4 0
|d 1999-08-06
|l 0
|r 2004-12-31 00:00:00
|w 2026-02-24
|
| 952 |
|
|
|a SNK
|b SNK
|y PREZ
|7 0
|p 17A0797771
|o snkSB 40246
|0 0
|1 0
|4 0
|d 2012-05-02
|f 1
|l 0
|r 2025-04-25 00:00:00
|w 2026-02-24
|